| 000 | 00429nam a2200169Ia 4500 | ||
|---|---|---|---|
| 008 | 180921t1997 xxu||||| |||| 00| 0 eng d | ||
| 041 | _aeng | ||
| 080 |
_a581.5 _bGUN |
||
| 100 | _aGunasena,H.PM. | ||
| 245 | _aNeem in Sri lanka | ||
| 260 |
_bUniversity of Peradeniya _c1997 |
||
| 300 | _a62p., ill., 24 cm | ||
| 650 |
_aMorphology _aPlant _aTree |
||
| 942 | _cBK | ||
| 999 |
_c13328 _d13328 |
||
| 003 | LK-CoDNM | ||
| 040 |
_aLK-CoDNM _dLK-CoDNM _eLK-CoDNM |
||